000 00850nam a2200229 a 4500
999 _c11138
_d11138
001 11139
003 BD-JhCC
005 20190801112741.0
008 190601s2018 bg |||| |||| 000 0 ben d
020 _a97898480258060
035 _a(BD-JhCC)11139
040 _aBD-JhCC
_dBD-JhCC
041 _aben
082 _a923
_bPRI 2018
245 _aপ্রিয় বাবা :
_bজাতির পিতাকে লেখা তরুণ প্রজন্মের চিঠির সংকলন /
_cসম্পাদনায় শাহ জলাল জোনাক
260 _aঢাকা :
_bতাম্রলিপি,
_c২০১৮.
300 _a১৫১ ‍পৃ. :
_c২১ সেমি.
600 _aRahaman, Shek Mujibur
650 _aBiography
700 _aজোনাক, শাহ জলাল
942 _2ddc
_cBK